000 00707nam a2200289 a 4500
003 AR-BaBNM
005 20251128203827.0
008 082120s2002 ||||||||||||||000 | spa||
040 _cAR-BaBNM
100 1 _aGonzález, María Elena
245 0 0 _aDidáctica de la música
250 _a1ª ed.
260 _aBuenos Aires
_bKapelusz
_c1963
300 _aviii, 149 p.
_bil.
490 0 _aBiblioteca de cultura pedagógica
504 _aBibliografía p. 149
650 4 _aEDUCACION MUSICAL
650 4 _aDIDACTICA
650 4 _aCANTO
650 4 _aMETODO GLOBAL
650 4 _aRITMO
650 4 _aCOROS
650 4 _aMUSICA VOCAL
653 _aCANCIONEROS
942 _cBK
998 _cCarmen
999 _c5065
_d5065